| Tag |
First Indicator |
Second Indicator |
Subfields |
| LEADER |
00000cam a22000008a 4500 |
| 001 |
in00000752521 |
| 005 |
20151016163234.0 |
| 008 |
880216s1988 cau b 00110 eng |
| 010 |
|
|
|a 87046205
|
| 020 |
|
|
|a 0062548565 :
|c $19.95
|
| 035 |
|
|
|a (OCoLC)17550485
|
| 035 |
|
|
|9 ADJ4312AM
|
| 040 |
|
|
|a DLC
|c DLC
|d TXA
|d UtOrBLW
|
| 049 |
|
|
|a TXAM
|c [A11164026]
|
| 050 |
0 |
0 |
|a BX1755
|b .D85 1988
|
| 082 |
0 |
|
|a 282/.09/04
|2 19
|
| 100 |
1 |
|
|a Dulles, Avery,
|d 1918-2008.
|
| 245 |
1 |
4 |
|a The reshaping of Catholicism :
|b current challenges in the theology of Church /
|c Avery Dulles.
|
| 250 |
|
|
|a 1st ed.
|
| 264 |
|
1 |
|a San Francisco :
|b Harper & Row,
|c [1988]
|
| 264 |
|
4 |
|c ©1988
|
| 300 |
|
|
|a xii, 276 pages
|
| 336 |
|
|
|a text
|b txt
|2 rdacontent
|
| 337 |
|
|
|a unmediated
|b n
|2 rdamedia
|
| 338 |
|
|
|a volume
|b nc
|2 rdacarrier
|
| 504 |
|
|
|a Bibliography: pages [248]-267.
|
| 500 |
|
|
|a Includes index.
|
| 610 |
2 |
0 |
|a Catholic Church
|x Doctrines
|x History
|y 20th century.
|
| 610 |
2 |
0 |
|a Catholic Church
|x History
|y 1965-
|
| 650 |
|
0 |
|a Church and social problems
|x Catholic Church.
|
| 611 |
2 |
0 |
|a Vatican Council
|n (2nd :
|d 1962-1965 :
|c Basilica di San Pietro in Vaticano)
|
| 999 |
|
|
|a MARS
|
| 999 |
f |
f |
|s 3fda532c-bfa2-3718-b2ea-518b52384c67
|i 5baa80f4-9dcb-3e89-bd43-1c1e50da74d5
|t 0
|
| 952 |
f |
f |
|p ric
|a Texas A&M University
|b Rellis Campus
|c Joint Library Facility
|d Remote Storage
|t 0
|e BX1755 .D85 1988
|h Library of Congress classification
|i unmediated -- volume
|m A14811164026
|
| 998 |
f |
f |
|a BX1755 .D85 1988
|t 0
|l Remote Storage
|